[Event "Abe Yanofsky mem."]
[Site "Winnipeg CAN"]
[Date "2005.09.05"]
[Round "6"]
[White "Oberton, Daniel"]
[Black "Trinidad, Kris"]
[Result "1/2-1/2"]
[WhiteElo "1661"]
[BlackElo "1378"]
[PlyCount "99"]
[GameId "2160767910900477"]
[EventDate "2005.09.03"]
[EventType "swiss"]
[EventRounds "6"]
[EventCountry "CAN"]
[SourceTitle "CBM 108 Extra"]
[Source "ChessBase"]
[SourceDate "2005.11.04"]
[SourceVersion "1"]
[SourceVersionDate "2005.11.04"]
[SourceQuality "1"]

1. e4 c5 2. d4 cxd4 3. c3 dxc3 4. Nxc3 e5 5. Nf3 Nc6 6. Bc4 h6 7. O-O Nf6 8. Qe2 Bc5 9. Rd1 O-O 10. Be3 Bb6 11. Bxb6 Qxb6 12. Nb5 a6 13. Nd6 Nd4 14. Nxd4 exd4 15. Nf5 d5 16. Ne7+ Kh8 17. Nxd5 Nxd5 18. Bxd5 Be6 19. Qd2 Bxd5 20. exd5 d3 21. b3 Rfd8 22. Qxd3 Rd6 23. Qf3 Kg8 24. Rd3 Rad8 25. Rad1 Rf6 26. Qe3 Qc7 27. g3 Qa5 28. d6 Qxa2 29. d7 Re6 30. Qc5 Qb2 31. Rd4 Qxb3 32. Qc7 Qb6 33. Qxb6 Rxb6 34. Rc1 Kf8 35. Re1 Re6 36. Rc1 Ke7 37. Rc7 b5 38. Ra7 Rb6 39. Re4+ Kd6 40. Re1 b4 41. Rd1+ Kc6 42. Rc1+ Kb5 43. Rc8 b3 44. Rxd8 b2 45. Rc8 b1=Q+ 46. Kg2 Qe4+ 47. Kg1 Ka4 48. Rxa6+ Rxa6 49. d8=Q Qe1+ 50. Kg2 1/2-1/2

[Event "Abe Yanofsky mem."]
[Site "Winnipeg CAN"]
[Date "2005.09.05"]
[Round "6"]
[White "Rekhson, Vladislav"]
[Black "Boron, Anthony"]
[Result "1/2-1/2"]
[WhiteElo "2120"]
[BlackElo "1964"]
[PlyCount "131"]
[GameId "2160767910900478"]
[EventDate "2005.09.03"]
[EventType "swiss"]
[EventRounds "6"]
[EventCountry "CAN"]
[SourceTitle "CBM 108 Extra"]
[Source "ChessBase"]
[SourceDate "2005.11.04"]
[SourceVersion "1"]
[SourceVersionDate "2005.11.04"]
[SourceQuality "1"]

1. e4 d5 2. exd5 Qxd5 3. Nc3 Qa5 4. d4 c6 5. Bc4 Nf6 6. Qe2 Bf5 7. Nf3 e6 8. O-O Nbd7 9. Bf4 Be7 10. Rfe1 O-O 11. Rad1 Nd5 12. Nxd5 cxd5 13. Bb3 Rac8 14. c3 Rfe8 15. Ne5 Nxe5 16. Bxe5 a6 17. Qd2 Qb6 18. Qf4 f6 19. Bxd5 fxe5 20. Qf3 exd5 21. Qxf5 Qf6 22. Qxe5 Qxe5 23. dxe5 Rc5 24. Rd4 Kf7 25. f4 Ke6 26. Rd3 Rf8 27. g3 g5 28. Rf1 gxf4 29. gxf4 Rc4 30. Rh3 Bc5+ 31. Kg2 Rcxf4 32. Rxf4 Rxf4 33. Rxh7 Rf2+ 34. Kg3 Rxb2 35. h4 Kxe5 36. h5 d4 37. cxd4+ Bxd4 38. h6 Kf5 39. Rd7 Be5+ 40. Kf3 b5 41. h7 Rxa2 42. Re7 Rh2 43. Ra7 Rh6 44. Ke3 b4 45. Rb7 Rh3+ 46. Kd2 Ke4 47. Rxb4+ Bd4 48. Ra4 Rxh7 49. Rxa6 Rh2+ 50. Ke1 Bc3+ 51. Kf1 Kf3 52. Kg1 Rg2+ 53. Kh1 Rc2 54. Rg6 Be5 55. Rg2 Rc4 56. Rf2+ Ke3 57. Rf7 Bf4 58. Rg7 Kf3 59. Rg6 Rc1+ 60. Rg1 Rc2 61. Rg2 Rc1+ 62. Rg1 Rc8 63. Rf1+ Kg3 64. Rg1+ Kh3 65. Rg2 Be3 66. Rg3+ 1/2-1/2

[Event "Abe Yanofsky mem."]
[Site "Winnipeg CAN"]
[Date "2005.09.05"]
[Round "6"]
[White "Schulz, Waldemar"]
[Black "Lipnowski, Irwin"]
[Result "1/2-1/2"]
[WhiteElo "2057"]
[BlackElo "2252"]
[PlyCount "42"]
[GameId "2160767910900479"]
[EventDate "2005.09.03"]
[EventType "swiss"]
[EventRounds "6"]
[EventCountry "CAN"]
[SourceTitle "CBM 108 Extra"]
[Source "ChessBase"]
[SourceDate "2005.11.04"]
[SourceVersion "1"]
[SourceVersionDate "2005.11.04"]
[SourceQuality "1"]

1. Nf3 g6 2. c4 Bg7 3. Nc3 c5 4. g3 Nc6 5. Bg2 Nh6 6. O-O O-O 7. b3 Nf5 8. Bb2 d6 9. Rb1 Rb8 10. Ne4 Bxb2 11. Rxb2 b5 12. cxb5 Rxb5 13. Nc3 Rb8 14. Nh4 Nxh4 15. Bxc6 Nf5 16. e3 Ba6 17. d3 e6 18. Bg2 Qa5 19. Ne4 Qc7 20. Qc2 Qe7 21. Qc3 f6 1/2-1/2

[Event "Abe Yanofsky mem."]
[Site "Winnipeg CAN"]
[Date "2005.09.05"]
[Round "6"]
[White "Shipov, Sergei"]
[Black "Bluvshtein, Mark"]
[Result "1/2-1/2"]
[WhiteElo "2620"]
[BlackElo "2553"]
[PlyCount "33"]
[GameId "2160767910900480"]
[EventDate "2005.09.03"]
[EventType "swiss"]
[EventRounds "6"]
[EventCountry "CAN"]
[SourceTitle "CBM 108 Extra"]
[Source "ChessBase"]
[SourceDate "2005.11.04"]
[SourceVersion "1"]
[SourceVersionDate "2005.11.04"]
[SourceQuality "1"]

1. d4 Nf6 2. c4 e6 3. Nc3 Bb4 4. Qc2 c5 5. dxc5 Qa5 6. Bd2 Qxc5 7. e3 d5 8. a3 Bxc3 9. Bxc3 dxc4 10. Bb4 Qc6 11. Qxc4 Qxc4 12. Bxc4 Nc6 13. Bc3 Ne4 14. Rc1 Nxc3 15. Rxc3 Bd7 16. Nf3 Rc8 17. Bd3 1/2-1/2

[Event "Abe Yanofsky mem."]
[Site "Winnipeg CAN"]
[Date "2005.09.05"]
[Round "6"]
[White "Sigurdson, Matthew"]
[Black "Remillard, John"]
[Result "0-1"]
[WhiteElo "1115"]
[BlackElo "1587"]
[PlyCount "48"]
[GameId "2160767910900481"]
[EventDate "2005.09.03"]
[EventType "swiss"]
[EventRounds "6"]
[EventCountry "CAN"]
[SourceTitle "CBM 108 Extra"]
[Source "ChessBase"]
[SourceDate "2005.11.04"]
[SourceVersion "1"]
[SourceVersionDate "2005.11.04"]
[SourceQuality "1"]

1. e4 e5 2. f4 exf4 3. Nf3 d5 4. Nc3 dxe4 5. Nxe4 Nf6 6. Nxf6+ Qxf6 7. Bc4 Bd6 8. O-O O-O 9. c3 Be6 10. Be2 Nd7 11. d4 Nb6 12. Bd2 c5 13. dxc5 Bxc5+ 14. Kh1 Rad8 15. Qc1 g5 16. Rd1 Nc4 17. Bxc4 Bxc4 18. Be1 Be2 19. Rxd8 Rxd8 20. Nd2 f3 21. Bg3 fxg2+ 22. Kxg2 Qc6+ 23. Kh3 g4+ 24. Kh4 Qh6# 0-1

[Event "Abe Yanofsky mem."]
[Site "Winnipeg CAN"]
[Date "2005.09.05"]
[Round "6"]
[White "Thompson, Brian"]
[Black "Babb, Jeff"]
[Result "0-1"]
[WhiteElo "1864"]
[BlackElo "2166"]
[PlyCount "78"]
[GameId "2160767910900482"]
[EventDate "2005.09.03"]
[EventType "swiss"]
[EventRounds "6"]
[EventCountry "CAN"]
[SourceTitle "CBM 108 Extra"]
[Source "ChessBase"]
[SourceDate "2005.11.04"]
[SourceVersion "1"]
[SourceVersionDate "2005.11.04"]
[SourceQuality "1"]

1. e4 d6 2. b3 Nf6 3. Nc3 g6 4. Bb2 Bg7 5. Nd5 Nbd7 6. Nf3 c6 7. Nxf6+ Nxf6 8. g3 O-O 9. Bg2 Nxe4 10. Bxg7 Kxg7 11. h4 h5 12. Qe2 Nf6 13. O-O-O Bg4 14. Rde1 e5 15. Qe3 Nd5 16. Qd3 Nb4 17. Qc4 Qa5 18. a4 b5 19. Rxe5 dxe5 20. Qc5 Bxf3 21. Bxf3 Rfe8 22. g4 hxg4 23. Bxg4 Rad8 24. h5 Rd5 25. Qe3 Na2+ 26. Kb2 Qxd2 27. h6+ Kh7 28. Qxa7 Qd4+ 29. Qxd4 Rxd4 30. f4 Nb4 31. axb5 cxb5 32. Be2 Rxf4 33. Bxb5 Ra8 34. c4 Rf3 35. Ba4 Rd8 36. Rh2 e4 37. Ka3 Rb8 38. c5 e3 39. Re2 Rf2 0-1

[Event "Abe Yanofsky mem."]
[Site "Winnipeg CAN"]
[Date "2005.09.05"]
[Round "6"]
[White "Van Wyk, Joseph"]
[Black "Thompson, David Seip"]
[Result "1/2-1/2"]
[WhiteElo "1885"]
[BlackElo "1367"]
[PlyCount "81"]
[GameId "2160767910900483"]
[EventDate "2005.09.03"]
[EventType "swiss"]
[EventRounds "6"]
[EventCountry "CAN"]
[SourceTitle "CBM 108 Extra"]
[Source "ChessBase"]
[SourceDate "2005.11.04"]
[SourceVersion "1"]
[SourceVersionDate "2005.11.04"]
[SourceQuality "1"]

1. e4 e5 2. Nf3 Nc6 3. d4 exd4 4. c3 dxc3 5. Nxc3 Bb4 6. Bc4 h6 7. O-O Nge7 8. Nd5 O-O 9. Bf4 Nxd5 10. exd5 Ne7 11. a3 Bd6 12. Bxd6 cxd6 13. Re1 Ng6 14. Qd4 b6 15. h4 Ne5 16. Nxe5 dxe5 17. Rxe5 d6 18. Re3 f5 19. Rae1 Qf6 20. Qf4 Bd7 21. Bd3 Rae8 22. Rxe8 Rxe8 23. Rxe8+ Bxe8 24. Bxf5 Bd7 25. Be6+ Bxe6 26. Qxf6 gxf6 27. dxe6 Kf8 28. f4 f5 29. Kf2 Ke7 30. Ke3 h5 31. Kd4 Kxe6 32. b4 b5 33. g3 a6 34. Ke3 Kd5 35. Kd3 Ke6 36. Kd4 d5 37. Ke3 Kd6 38. Kd4 Ke6 39. Ke3 Kd6 40. Kd4 Ke6 41. Kd3 1/2-1/2

[Event "Abe Yanofsky mem."]
[Site "Winnipeg CAN"]
[Date "2005.09.05"]
[Round "6"]
[White "Zaczek, Jonathon"]
[Black "Bince, Rolando"]
[Result "1-0"]
[WhiteElo "2053"]
[BlackElo "1860"]
[PlyCount "79"]
[GameId "2160767910900485"]
[EventDate "2005.09.03"]
[EventType "swiss"]
[EventRounds "6"]
[EventCountry "CAN"]
[SourceTitle "CBM 108 Extra"]
[Source "ChessBase"]
[SourceDate "2005.11.04"]
[SourceVersion "1"]
[SourceVersionDate "2005.11.04"]
[SourceQuality "1"]

1. e4 e6 2. d4 d5 3. Nc3 c5 4. exd5 exd5 5. dxc5 Be6 6. Be3 Nc6 7. Nf3 Qa5 8. a3 a6 9. Be2 Nf6 10. b4 Qc7 11. Nd4 Nxd4 12. Qxd4 Be7 13. Rd1 O-O 14. O-O Rad8 15. Bf3 Rfe8 16. Ne2 Bf5 17. c4 Bc2 18. Rc1 dxc4 19. Qxc4 Bd3 20. Qb3 Qe5 21. Rfd1 Bxe2 22. Bxe2 Nd5 23. Rd3 Nf4 24. Bxf4 Qxe2 25. Re3 Qg4 26. Bg3 Bg5 27. Rxe8+ Rxe8 28. Rd1 h5 29. f3 Qf5 30. Qd3 Be3+ 31. Kf1 Qc8 32. Qd7 g6 33. Qxc8 Rxc8 34. Rd7 b5 35. Rd6 Ra8 36. c6 Bg5 37. c7 h4 38. Bf4 Be7 39. Rxa6 Rc8 40. Rb6 1-0

[Event "Albert Boxer Classic op"]
[Site "Winnipeg CAN"]
[Date "2005.05.13"]
[Round "1"]
[White "Anderson, George"]
[Black "Khedkar, Jay S"]
[Result "1-0"]
[WhiteElo "1437"]
[BlackElo "1975"]
[PlyCount "93"]
[GameId "2160767910968336"]
[EventDate "2005.05.13"]
[EventType "swiss"]
[EventRounds "5"]
[EventCountry "CAN"]
[SourceTitle "CBM 106 Extra"]
[Source "ChessBase"]
[SourceDate "2005.07.01"]
[SourceVersion "1"]
[SourceVersionDate "2005.07.01"]
[SourceQuality "1"]

1. e4 d6 2. Nf3 e5 3. d4 Nd7 4. c3 Ngf6 5. Bg5 Be7 6. Nbd2 O-O 7. Bc4 c6 8. Bxf6 Bxf6 9. dxe5 Nxe5 10. Nxe5 Bxe5 11. Qb3 b5 12. Be2 Be6 13. Qd1 Qc7 14. Nf3 Bf6 15. O-O Rad8 16. Qc2 d5 17. exd5 Bxd5 18. Rad1 Qf4 19. Qd2 Qf5 20. Bd3 Qh5 21. b3 Bxf3 22. gxf3 Qxf3 23. Qe3 Qxe3 24. fxe3 Bxc3 25. Rf3 Rd6 26. Bxh7+ Kxh7 27. Rxd6 c5 28. Rd7 f5 29. Rxa7 f4 30. Kg2 Be5 31. exf4 Bxf4 32. a4 bxa4 33. Rxa4 g5 34. h4 Kg6 35. hxg5 Kxg5 36. Rc4 Bd6 37. Rxf8 Bxf8 38. Re4 Kf5 39. Re8 Bg7 40. Kf3 Bd4 41. Ke2 Kf6 42. Kd3 Kf7 43. Re2 Kf6 44. Kc4 Kf5 45. b4 Be5 46. Rxe5+ Kxe5 47. Kxc5 1-0

[Event "Albert Boxer Classic op"]
[Site "Winnipeg CAN"]
[Date "2005.05.13"]
[Round "1"]
[White "Boron, Anthony"]
[Black "Plocek, Jaroslav"]
[Result "1-0"]
[WhiteElo "1980"]
[BlackElo "1531"]
[PlyCount "45"]
[GameId "2160767910968337"]
[EventDate "2005.05.13"]
[EventType "swiss"]
[EventRounds "5"]
[EventCountry "CAN"]
[SourceTitle "CBM 106 Extra"]
[Source "ChessBase"]
[SourceDate "2005.07.01"]
[SourceVersion "1"]
[SourceVersionDate "2005.07.01"]
[SourceQuality "1"]

1. e4 e5 2. Nf3 Nc6 3. Bb5 a6 4. Bxc6 dxc6 5. O-O Bd6 6. d4 Bg4 7. dxe5 Bxe5 8. Qxd8+ Rxd8 9. Nxe5 Be2 10. Re1 Bd1 11. Na3 Nf6 12. f3 b5 13. Bg5 b4 14. Nxc6 Rd6 15. Nxb4 c5 16. e5 cxb4 17. exd6+ Kd7 18. Raxd1 bxa3 19. bxa3 h6 20. Re7+ Kd8 21. Bxf6 gxf6 22. Rb1 Kc8 23. Rc7+ 1-0

[Event "Albert Boxer Classic op"]
[Site "Winnipeg CAN"]
[Date "2005.05.13"]
[Round "1"]
[White "Czarny, Keith"]
[Black "Schulz, Waldemar"]
[Result "0-1"]
[WhiteElo "1647"]
[BlackElo "2052"]
[PlyCount "66"]
[GameId "2160767910968338"]
[EventDate "2005.05.13"]
[EventType "swiss"]
[EventRounds "5"]
[EventCountry "CAN"]
[SourceTitle "CBM 106 Extra"]
[Source "ChessBase"]
[SourceDate "2005.07.01"]
[SourceVersion "1"]
[SourceVersionDate "2005.07.01"]
[SourceQuality "1"]

1. Nf3 Nf6 2. c4 g6 3. Nc3 d5 4. cxd5 Nxd5 5. g3 Bg7 6. Bg2 O-O 7. Qb3 c6 8. Ne4 Qb6 9. d3 Qxb3 10. axb3 Na6 11. Ned2 Nab4 12. O-O Bg4 13. h3 Bd7 14. Nc4 Rfd8 15. Rd1 Be8 16. e4 Nc7 17. e5 Rxd3 18. Bg5 Rxd1+ 19. Rxd1 Nbd5 20. Ne1 h6 21. Bc1 b5 22. Na5 Bxe5 23. Bxh6 Bxb2 24. Nd3 Bc3 25. Nb7 a5 26. Bc1 a4 27. bxa4 bxa4 28. Ba3 Nb5 29. Bb2 a3 30. Ba1 Bxa1 31. Rxa1 Nd4 32. Nbc5 Nc3 33. Ne1 Nc2 0-1

[Event "Albert Boxer Classic op"]
[Site "Winnipeg CAN"]
[Date "2005.05.13"]
[Round "1"]
[White "Joven, Perfecto"]
[Black "Cheyne, Andrew"]
[Result "1-0"]
[WhiteElo "1917"]
[BlackElo "1373"]
[PlyCount "71"]
[GameId "2160767910968340"]
[EventDate "2005.05.13"]
[EventType "swiss"]
[EventRounds "5"]
[EventCountry "CAN"]
[SourceTitle "CBM 106 Extra"]
[Source "ChessBase"]
[SourceDate "2005.07.01"]
[SourceVersion "1"]
[SourceVersionDate "2005.07.01"]
[SourceQuality "1"]

1. Nf3 Nf6 2. d4 g6 3. c4 Bg7 4. Nc3 d6 5. e4 O-O 6. Bd3 e5 7. d5 Nbd7 8. Be3 Ng4 9. Bg5 f6 10. Bd2 Nc5 11. Bc2 a5 12. h3 Nh6 13. Be3 b6 14. Qd2 Nf7 15. g4 g5 16. a4 Ba6 17. b3 Nh8 18. Ne2 Ng6 19. Ng3 Bc8 20. Nf5 Nf4 21. Rh2 Qe8 22. h4 h6 23. O-O-O Nfd3+ 24. Kb1 Nf4 25. hxg5 hxg5 26. Nxg7 Kxg7 27. Rdh1 Ng6 28. Rh7+ Kg8 29. Bxc5 bxc5 30. Nxg5 Nf4 31. Rh8+ Kg7 32. R8h7+ Kg8 33. f3 fxg5 34. Qh2 Ng6 35. Qh5 Rf6 36. Rh8+ 1-0

[Event "Albert Boxer Classic op"]
[Site "Winnipeg CAN"]
[Date "2005.05.13"]
[Round "1"]
[White "Lipnowski, Samuel"]
[Black "Rutter, Blair"]
[Result "1-0"]
[WhiteElo "2116"]
[BlackElo "1742"]
[PlyCount "67"]
[GameId "2160767910968341"]
[EventDate "2005.05.13"]
[EventType "swiss"]
[EventRounds "5"]
[EventCountry "CAN"]
[SourceTitle "CBM 106 Extra"]
[Source "ChessBase"]
[SourceDate "2005.07.01"]
[SourceVersion "1"]
[SourceVersionDate "2005.07.01"]
[SourceQuality "1"]

1. d4 e6 2. c4 d5 3. Nc3 Nf6 4. Bg5 Be7 5. cxd5 exd5 6. e3 Bf5 7. Bxf6 Bxf6 8. Qb3 b6 9. Qxd5 Qxd5 10. Nxd5 Bd8 11. Rc1 c6 12. Nc3 O-O 13. Nf3 Nd7 14. Be2 Be7 15. O-O Rfe8 16. h3 h6 17. Rfd1 Bf6 18. Bd3 Bxd3 19. Rxd3 Rad8 20. Kf1 g5 21. g4 Bg7 22. Ne2 c5 23. b3 cxd4 24. Nexd4 Nc5 25. Rdd1 Bf8 26. Nf5 Nd3 27. Rc7 a5 28. Rc6 Nb4 29. Rxd8 Rxd8 30. Rxb6 Kh7 31. Ne5 Nd5 32. Rb7 Kg8 33. Nxf7 Rc8 34. N7xh6+ 1-0

[Event "Albert Boxer Classic op"]
[Site "Winnipeg CAN"]
[Date "2005.05.13"]
[Round "1"]
[White "Oberton, Daniel"]
[Black "Nikouline, Alexandre"]
[Result "1-0"]
[WhiteElo "1536"]
[BlackElo "1996"]
[PlyCount "115"]
[GameId "2160767910968343"]
[EventDate "2005.05.13"]
[EventType "swiss"]
[EventRounds "5"]
[EventCountry "CAN"]
[SourceTitle "CBM 106 Extra"]
[Source "ChessBase"]
[SourceDate "2005.07.01"]
[SourceVersion "1"]
[SourceVersionDate "2005.07.01"]
[SourceQuality "1"]

1. e4 c5 2. d4 cxd4 3. c3 dxc3 4. Nxc3 d6 5. Nf3 Nc6 6. Bc4 e6 7. O-O Nf6 8. Qe2 a6 9. a4 Be7 10. Rd1 Qc7 11. Be3 O-O 12. Rac1 Bd7 13. Bf4 Rac8 14. Ba2 Ne8 15. b4 Nxb4 16. Nd5 Nxd5 17. Rxc7 Nxf4 18. Qd2 Rxc7 19. Qxf4 Bxa4 20. Rc1 Bf6 21. Rxc7 Nxc7 22. e5 dxe5 23. Qxa4 Nb5 24. Qb4 Rd8 25. g3 g6 26. Qc5 e4 27. Ng5 Nd4 28. Nxe4 Bg7 29. Qe7 Nc6 30. Qxb7 Ne5 31. Qxa6 Nf3+ 32. Kg2 Ne1+ 33. Kf1 Nf3 34. h4 Nd2+ 35. Nxd2 Rxd2 36. Bxe6 Rd8 37. Bg4 h5 38. Be2 Bd4 39. Bc4 Kg7 40. Qb7 Rf8 41. Be2 Bf6 42. Bc4 Bc3 43. Kg2 Bf6 44. Kh3 Bc3 45. g4 hxg4+ 46. Kxg4 Bd4 47. h5 Bf6 48. hxg6 Kxg6 49. Bd3+ Kg7 50. Qe4 Rh8 51. Qg2 Be7 52. Kf5+ Kf8 53. Bc4 Rh5+ 54. Ke4 Rg5 55. Qf3 Rg7 56. Ke5 Rg5+ 57. Kd4 Rg7 58. Qa8+ 1-0

[Event "Albert Boxer Classic op"]
[Site "Winnipeg CAN"]
[Date "2005.05.13"]
[Round "1"]
[White "Remillard, John"]
[Black "Zaczek, Jonathon"]
[Result "1/2-1/2"]
[WhiteElo "1562"]
[BlackElo "2011"]
[PlyCount "120"]
[GameId "2160767910968344"]
[EventDate "2005.05.13"]
[EventType "swiss"]
[EventRounds "5"]
[EventCountry "CAN"]
[SourceTitle "CBM 106 Extra"]
[Source "ChessBase"]
[SourceDate "2005.07.01"]
[SourceVersion "1"]
[SourceVersionDate "2005.07.01"]
[SourceQuality "1"]

1. c4 Nf6 2. Nc3 g6 3. g3 Bg7 4. Bg2 O-O 5. d4 d6 6. Bg5 h6 7. Bxf6 Bxf6 8. Qd2 Bg7 9. Rd1 c6 10. Nf3 Nd7 11. O-O e5 12. dxe5 dxe5 13. Ne4 Qc7 14. Nd6 Rd8 15. Nxc8 Raxc8 16. Bh3 f5 17. Qd6 Qxd6 18. Rxd6 Nf8 19. Rfd1 Rxd6 20. Rxd6 Kf7 21. e4 Ke7 22. c5 Rd8 23. Rxd8 Kxd8 24. exf5 e4 25. Nd2 e3 26. fxe3 Bxb2 27. Kf2 gxf5 28. Bxf5 Nd7 29. Bxd7 Kxd7 30. Kf3 Ke6 31. g4 Bf6 32. e4 Be7 33. Nb3 Ke5 34. a4 b6 35. cxb6 axb6 36. a5 bxa5 37. Nxa5 Kd6 38. Kf4 c5 39. Kf5 Bh4 40. Nc4+ Kc6 41. Ne5+ Kb5 42. Kf4 Be7 43. Ke3 c4 44. Kd2 Bd6 45. Nf3 Bf4+ 46. Kc2 Kc5 47. h4 Bg3 48. h5 Bd6 49. g5 hxg5 50. h6 Bf8 51. h7 Bg7 52. Nxg5 Kd6 53. Nf3 Ke6 54. e5 Kf5 55. Kd2 Kg6 56. e6 Kf6 57. Nd4 Kg6 58. e7 Kf7 59. Nf5 Bh8 60. e8=Q+ Kxe8 1/2-1/2

[Event "Albert Boxer Classic op"]
[Site "Winnipeg CAN"]
[Date "2005.05.13"]
[Round "1"]
[White "Tang, Edward"]
[Black "Kohalmi, Andy"]
[Result "1-0"]
[WhiteElo "2018"]
[BlackElo "1589"]
[PlyCount "60"]
[GameId "2160767910968345"]
[EventDate "2005.05.13"]
[EventType "swiss"]
[EventRounds "5"]
[EventCountry "CAN"]
[SourceTitle "CBM 106 Extra"]
[Source "ChessBase"]
[SourceDate "2005.07.01"]
[SourceVersion "1"]
[SourceVersionDate "2005.07.01"]
[SourceQuality "1"]

1. e4 d5 2. d3 d4 3. f4 Nf6 4. Nf3 Bg4 5. Be2 Bxf3 6. Bxf3 e6 7. O-O Bc5 8. Kh1 O-O 9. c4 c6 10. Na3 a5 11. Nc2 Ne8 12. b3 f6 13. Bd2 e5 14. f5 Qe7 15. g4 Nd7 16. h4 g6 17. Bh6 Rf7 18. Qd2 Bb4 19. Qe2 Bc3 20. Rab1 g5 21. hxg5 fxg5 22. Qh2 Qf6 23. Rf2 c5 24. Qh5 Bd2 25. Rxd2 Ra6 26. Qxg5+ Qxg5 27. Bxg5 h6 28. Bh4 b6 29. Rh2 Rh7 30. a4 Ra7 1-0

[Event "Albert Boxer Classic op"]
[Site "Winnipeg CAN"]
[Date "2005.05.13"]
[Round "1"]
[White "Van Wyk, Joseph"]
[Black "Booth, Kevin"]
[Result "1-0"]
[WhiteElo "1851"]
[BlackElo "1305"]
[PlyCount "75"]
[GameId "2160767910968347"]
[EventDate "2005.05.13"]
[EventType "swiss"]
[EventRounds "5"]
[EventCountry "CAN"]
[SourceTitle "CBM 106 Extra"]
[Source "ChessBase"]
[SourceDate "2005.07.01"]
[SourceVersion "1"]
[SourceVersionDate "2005.07.01"]
[SourceQuality "1"]

1. e4 c5 2. Nf3 d6 3. d4 cxd4 4. Nxd4 Nf6 5. Nc3 g6 6. Be2 Bg7 7. Be3 Nc6 8. Qd2 Ng4 9. Bxg4 Bxg4 10. f3 Bd7 11. O-O-O a5 12. h4 a4 13. a3 Ne5 14. Qe2 Qc7 15. Nd5 Qc8 16. Nb6 Qb8 17. Nxa8 Qxa8 18. h5 Qc8 19. g4 Nc4 20. Rd3 b5 21. hxg6 fxg6 22. Bh6 Bf6 23. Qf2 e5 24. Ne2 Be7 25. Nc3 Qb7 26. Nd5 Bd8 27. Bg7 Rg8 28. Rxh7 Be6 29. Qh2 Rxg7 30. Rh8+ Rg8 31. f4 exf4 32. Rdh3 Ne5 33. R3h7 Qc6 34. Rg7 f3 35. Rhxg8+ Bxg8 36. Rxg8+ Kd7 37. Qh7+ Kc8 38. Ne7+ 1-0

[Event "Albert Boxer Classic op"]
[Site "Winnipeg CAN"]
[Date "2005.05.13"]
[Round "1"]
[White "Vincent, Trevor"]
[Black "Gannon, Keith"]
[Result "1-0"]
[WhiteElo "2001"]
[BlackElo "1561"]
[PlyCount "83"]
[GameId "2160767910968348"]
[EventDate "2005.05.13"]
[EventType "swiss"]
[EventRounds "5"]
[EventCountry "CAN"]
[SourceTitle "CBM 106 Extra"]
[Source "ChessBase"]
[SourceDate "2005.07.01"]
[SourceVersion "1"]
[SourceVersionDate "2005.07.01"]
[SourceQuality "1"]

1. c4 c5 2. g3 g6 3. Bg2 Bg7 4. Nc3 Nf6 5. a3 O-O 6. Rb1 Nc6 7. b4 cxb4 8. axb4 a6 9. Nh3 Rb8 10. b5 axb5 11. Rxb5 Nd4 12. Rb1 d5 13. cxd5 Bxh3 14. Bxh3 Nxd5 15. Ne4 Qc7 16. O-O f5 17. Nc3 Nxc3 18. dxc3 Qxc3 19. e3 Nc6 20. Qd5+ Kh8 21. Bb2 Qa5 22. Bxg7+ Kxg7 23. Rb5 Qc7 24. Rc1 Rbd8 25. Qb3 Rd7 26. e4 e5 27. exf5 gxf5 28. Qb1 Kg6 29. Bxf5+ Rxf5 30. g4 Rdf7 31. gxf5+ Rxf5 32. Rxb7 Qd6 33. Rb6 Qd4 34. Rcxc6+ Kg5 35. Qf1 Rf4 36. Rb3 Rg4+ 37. Rg3 Rxg3+ 38. hxg3 h5 39. Qc1+ Kf5 40. Qc2+ e4 41. Qc5+ Qxc5 42. Rxc5+ 1-0

[Event "Albert Boxer Classic op"]
[Site "Winnipeg CAN"]
[Date "2005.05.13"]
[Round "1"]
[White "Wasserman, Leor"]
[Black "Cleto, Sam"]
[Result "0-1"]
[WhiteElo "1111"]
[BlackElo "1808"]
[PlyCount "70"]
[GameId "2160767910968349"]
[EventDate "2005.05.13"]
[EventType "swiss"]
[EventRounds "5"]
[EventCountry "CAN"]
[SourceTitle "CBM 106 Extra"]
[Source "ChessBase"]
[SourceDate "2005.07.01"]
[SourceVersion "1"]
[SourceVersionDate "2005.07.01"]
[SourceQuality "1"]

1. e4 e5 2. Nf3 d6 3. g3 Nf6 4. Nc3 c6 5. Bg2 Be7 6. O-O O-O 7. Re1 a6 8. h3 Ne8 9. d4 Qc7 10. d5 Nd7 11. dxc6 bxc6 12. Nd2 Ndf6 13. f4 Rb8 14. Rf1 Qa7+ 15. Kh1 a5 16. fxe5 dxe5 17. Nf3 Qc7 18. b3 Be6 19. Nxe5 a4 20. Bf4 Rd8 21. Qf3 Bd6 22. Nc4 Bxc4 23. bxc4 Bxf4 24. Qxf4 Qxf4 25. Rxf4 Rd2 26. Rc1 Nh5 27. Rg4 Nef6 28. Rg5 h6 29. Rc5 Re8 30. e5 Nd7 31. Rxc6 Nxe5 32. Rc5 Nxg3+ 33. Kg1 Ne2+ 34. Nxe2 Rxe2 35. Kf1 Rd2 0-1

[Event "Albert Boxer Classic op"]
[Site "Winnipeg CAN"]
[Date "2005.05.14"]
[Round "2"]
[White "Anderson, George"]
[Black "Joven, Perfecto"]
[Result "1/2-1/2"]
[WhiteElo "1437"]
[BlackElo "1917"]
[PlyCount "81"]
[GameId "2160767910968350"]
[EventDate "2005.05.13"]
[EventType "swiss"]
[EventRounds "5"]
[EventCountry "CAN"]
[SourceTitle "CBM 106 Extra"]
[Source "ChessBase"]
[SourceDate "2005.07.01"]
[SourceVersion "1"]
[SourceVersionDate "2005.07.01"]
[SourceQuality "1"]

1. e4 d6 2. Nf3 g6 3. Bc4 Nc6 4. c3 Nf6 5. d3 Bg7 6. Qb3 e6 7. Bg5 h6 8. Bh4 O-O 9. Qd1 d5 10. Bb3 dxe4 11. Bxf6 Bxf6 12. dxe4 Qxd1+ 13. Bxd1 b6 14. O-O Ba6 15. Re1 Rad8 16. Nbd2 Bg7 17. Be2 Bb7 18. Rad1 Ne5 19. Nxe5 Bxe5 20. Nc4 Bg7 21. f3 Ba6 22. Ne3 Bxe2 23. Rxd8 Rxd8 24. Rxe2 Bf8 25. Kf1 h5 26. Nc2 c5 27. Ke1 Bh6 28. g3 Rd3 29. f4 h4 30. Rd2 Rxd2 31. Kxd2 e5 32. Ke3 b5 33. Kf3 f6 34. Ne3 hxg3 35. hxg3 exf4 36. gxf4 Kf7 37. Nd5 Bf8 38. Nc7 b4 39. cxb4 cxb4 40. b3 Bc5 41. Nd5 1/2-1/2

[Event "Albert Boxer Classic op"]
[Site "Winnipeg CAN"]
[Date "2005.05.14"]
[Round "2"]
[White "Degroot, Stephen"]
[Black "Remillard, John"]
[Result "1-0"]
[WhiteElo "1594"]
[BlackElo "1562"]
[PlyCount "51"]
[GameId "2160767910968351"]
[EventDate "2005.05.13"]
[EventType "swiss"]
[EventRounds "5"]
[EventCountry "CAN"]
[SourceTitle "CBM 106 Extra"]
[Source "ChessBase"]
[SourceDate "2005.07.01"]
[SourceVersion "1"]
[SourceVersionDate "2005.07.01"]
[SourceQuality "1"]

1. e4 e5 2. Nf3 Nf6 3. Nxe5 Qe7 4. Nf3 Qxe4+ 5. Be2 Bd6 6. Nc3 Qe7 7. d4 Bb4 8. O-O Bxc3 9. bxc3 O-O 10. Bg5 d6 11. Re1 Bg4 12. Ba6 Qd7 13. Bxb7 Nc6 14. Bxf6 Rab8 15. Bxc6 Qxc6 16. d5 Qd7 17. Bh4 Rfe8 18. Qd3 Bf5 19. Qd2 Rb2 20. Nd4 Reb8 21. h3 Bxc2 22. Qe3 Bb1 23. Nc6 Rc8 24. Raxb1 Rxb1 25. Rxb1 Re8 26. Qxa7 1-0